| 000 | 00626nmc a2200253 a 4500 | ||
|---|---|---|---|
| 003 | AR-BaBNM | ||
| 005 | 20251128203215.0 | ||
| 008 | 011101s1942 ||||||||||||||000 | spa|| | ||
| 040 | _cAR-BaBNM | ||
| 100 | 1 | _aMartindale, C.C. | |
| 245 | 1 | 0 | _aEl mandamiento difĂcil |
| 260 |
_aBuenos Aires _bPoblet _c1942 |
||
| 300 | 0 | _a115 p. | |
| 490 | 0 |
_aApostolado moderno _vv. 4 |
|
| 650 | 4 | _aEDUCACION SEXUAL | |
| 650 | 4 | _aEDUCACION RELIGIOSA | |
| 650 | 4 | _aEDUCACION MORAL | |
| 650 | 4 | _aVALORES MORALES | |
| 650 | 4 | _aPSICOLOGIA | |
| 650 | 4 | _aSEXUALIDAD | |
| 650 | 4 | _aRELACIONES SEXUALES | |
| 942 | _cBK | ||
| 998 | _cCarmen | ||
| 999 |
_c2386 _d2386 |
||